Vyděšená k smrti : první případ Kay Hunterové /
Detektiv seržant Kay Hunterová řeší únosy dvou studentek, dvě vraždy a k tomu vlastní složitou minulost. Thriller anglické autorky.
Uloženo v:
| Série: | Kay Hunterová,
část 1 |
|---|---|
| Hlavní autor: | |
| Další autoři: | |
| Médium: | E-kniha |
| Jazyk: | Czech |
| Vydáno: |
V Praze :
Domino,
2022
|
| Vydání: | Vydání první |
| Témata: | |
| Příbuzné jednotky: | Z cyklu::
Kay Hunterová |
| Tagy: |
Žádné tagy |
| LEADER | 02599nam a2200469 i 4500 | ||
|---|---|---|---|
| 001 | 311694 | ||
| 003 | CZ PrSKC | ||
| 005 | 20260601215710.0 | ||
| 007 | ta | ||
| 008 | 221021s2022 xr g 000 f cze | ||
| 015 | |a cnb003464938 | ||
| 020 | |a 9788074986161 |q (vázáno) | ||
| 035 | |a (OCoLC)1354195196 | ||
| 040 | |a ABG001 |b cze |d ABA001 |e rda | ||
| 041 | 1 | |a cze |h eng | |
| 072 | 7 | |a 821.111-3 |x Anglická próza, anglicky psaná |2 Konspekt | |
| 080 | |a 821.111-31 |2 MRF | ||
| 080 | |a (0:82-312.4) |2 MRF | ||
| 100 | 1 | |a Amphlett, Rachel |7 xx0277603 |4 aut | |
| 240 | 1 | 0 | |a Scared to death. |l Česky |
| 245 | 1 | 0 | |a Vyděšená k smrti : |b první případ Kay Hunterové / |c Rachel Amphlett ; z anglického originálu Scared to death ... přeložila Jitka Šišáková |
| 250 | |a Vydání první | ||
| 264 | 1 | |a V Praze : |b Domino, |c 2022 | |
| 300 | |a 336 stran ; |c 21 cm | ||
| 336 | |a text |b txt |2 rdacontent | ||
| 337 | |a bez média |b n |2 rdamedia | ||
| 338 | |a svazek |b nc |2 rdacarrier | ||
| 520 | 2 | |a Detektiv seržant Kay Hunterová řeší únosy dvou studentek, dvě vraždy a k tomu vlastní složitou minulost. Thriller anglické autorky. |b V budově opuštěné biologické laboratoře je nalezeno tělo zmizelé studentky. Vypadá to na únos, který se zvrtnul, ale detektiv seržant Kay Hunterová o tom není přesvědčená - a ve svém podezření se jen utvrdí, když je nalezen mrtvý i muž s výkupným. S únosem další studentky se naplní Kayiny nejhorší obavy. Ve snaze zachránit si kariéru a utajit svoji složitou minulost se z jejího pátrání stává závod s časem. Pro zvráceného vraha však hra teprve začíná. Nakladatelská anotace. | |
| 655 | 7 | |a anglické romány |7 fd131814 |2 czenas | |
| 655 | 7 | |a detektivní romány |7 fd132010 |2 czenas | |
| 655 | 7 | |a thrillery (romány) |7 fd184206 |2 czenas | |
| 655 | 9 | |a English fiction |2 eczenas | |
| 655 | 9 | |a detective novels |2 eczenas | |
| 655 | 9 | |a thrillers (novels) |2 eczenas | |
| 700 | 1 | |a Šišáková, Jitka, |d 1971- |7 ola2003198079 |4 trl | |
| 787 | 0 | 8 | |i Z cyklu: |t Kay Hunterová |g 1 |
| 900 | |a ABA001 |b 21 | ||
| 928 | 9 | |a Albatros Media - Domino | |
| 044 | |a xr | ||
| 910 | |a RBIT002 | ||
| 998 | |d 361826 |a https://core.palmknihy.cz/api/books/361826/cover?si7wch |b https://core.palmknihy.cz/api/books/361826/cover/400?si7wch |c https://core.palmknihy.cz/api/books/361826/cover/50?si7wch |e 2030-12-17 |g 336 |i 9788074986161 |j https://core.palmknihy.cz/api/books/361826/preview.epub |k https://core.palmknihy.cz/api/books/361826/preview.pdf |l |q 49 |r 1 |s https://www.palmknihy.cz/kniha/361826 |t ebook |y 2022 |z 0 |v Kay Hunterová |w 1 | ||
| 999 | |d 311692 | ||